Responses for Show #4463 - Wednesday, January 21, 2004

Contestants

[<< previous game]

Clinton Reese, a student from West Lafayette, Indiana

Joanne Casey, a writer from Santa Monica, California

Kate Charron, a courier from Burlington, Vermont (whose 1-day cash winnings total $12,800)

[next game >>]

Jeopardy! Round responses

PLAYING DOCTOR
AROUND THE HOUSE
BOOKS & AUTHORS
THE WORKING CLASS
LET'S GO TO THE PARK
DOUBLE "D"s
    $200 11
Becker

Kate
    $200 26
(Clinton: What is a dumbwaiter?)
(Joanne: What is dishes?)

crumbs

JoanneClinton
Triple Stumper
    $200 1
The Right Stuff

Kate
    $200 16
(Charles) Mason

Kate
    $200 21
Charles Lindbergh

Kate
    $200 6
bidder

Kate
    $400 12
ER

Clinton
    $400 27
rings

Kate
    $400 2
The Old Man and the Sea

Clinton
    $400 17
Art Carney

Joanne
    $400 22
(Kate: What is Mayfair Park?)

Hyde Park

Kate
Triple Stumper
    $400 7
pudding

Kate
    $600 13
Mad About You

Kate
    $600 28
tables

Joanne
    $600 3
(Clinton: What is "A Hundred Years Under the Sun?')

One Hundred Years of Solitude

Clinton
Triple Stumper
    $600 18
Gary Cooper

Kate
    $600 23
(Joanne: What is Mammoth?)

Carlsbad Caverns

JoanneClinton
    $600 8
Paddington Bear

Clinton
    $800 14
Mike Farrell

Kate
    $800 29
the bedroom

Kate
    $1,000 4
A Is for Alibi

Clinton
    $800 19
Minnie Driver

Clinton
    $800 24
Providence

Clinton
    $800 9
swaddling

Clinton
    $1000 15
Scrubs

Clinton
    $1000 30
carpet

Triple Stumper
    $1000 5
James Patterson

Kate
    $1000 20
Bram Stoker

Kate
    $1000 25
North Dakota

Clinton
    $1000 10
Edda

Joanne

Scores at the first commercial break (after clue 15):

Kate Joanne Clinton
$3,400 $1,000 $3,600

Scores at the end of the Jeopardy! Round:

Kate Joanne Clinton
$6,200 $1,200 $6,600

Double Jeopardy! Round responses

STING
WHEN WE DANCE
EVERY BREATH YOU TAKE
KING OF SPAIN
ROCK
"SAN"
    $400 2
(Clinton: What is an elephant?)

rhinoceros

JoanneClinton
    $400 8
waltz

Joanne
    $400 21
a blowhole

Kate
    $400 26
(Joanne: What is Napoleon?)
(Alex: But it wasn't Napoleon [*], it was his older brother Joseph who ruled there.)

Bonaparte

KateJoanne
    $400 14
Kiss

Clinton
    $400 1
sandals

Kate
    $800 7
the FBI

Joanne
    $800 9
ballroom dancing

Joanne
    $800 22
Baby's Breath

Kate
    $800 27
Portugal

Clinton
    $800 15
David Bowie

Kate
    $800 3
Sanitation

Kate
    $1200 12
horse racing

Joanne
    $1200 10
Brigadoon

Clinton
    $1200 23
helium

Triple Stumper
    $2,000 28
the Bourbons

Clinton
    $1200 16
"Sweet Child O' Mine"

Kate
    $1200 4
(Alex: Yes, I like the way you say; you are obviously familiar with it!)

sangria

Joanne
    $1600 19
money laundering

Kate
    $1600 11
(Joanne: What is the Bossa Nova?)

the Samba

Joanne
Triple Stumper
    $1600 24
a tracheotomy

Kate
    $1600 29
hunting

Clinton
    $1600 17
the Russians

Kate
    $1600 5
(Kate: What is sanctimony...[*]?)

sanctimonious

Kate
    $2000 20
(John) DeLorean

Kate
    $3,000 13
(Joanne: What's a Highland...Highland Whirl?)

the Highland Fling

Joanne
    $2000 25
Samuel Beckett

Clinton
    $2000 30
13

Clinton
    $2000 18
"It's the End of the World as We Know It"

Clinton
    $2000 6
Sandusky

Clinton

Scores at the end of the Double Jeopardy! Round:

Kate Joanne Clinton
$19,400 $1,000 $20,200

[wagering suggestions for these scores]

Final Jeopardy! Round responses

SPORTS
(Alex: The reference to the Roger Maris record of breaking Babe Ruth's home run record.)
JoanneWhat is Tiger?
$0
KateWhat is an asterisk?
$19,400
ClintonWhat is an asterisk?
$18,800
an asterisk

Final scores:

Kate Joanne Clinton
$38,800 $1,000 $39,000
2nd place: $2,000 3rd place: $1,000 New champion: $39,000

Game dynamics:

Coryat scores:

Kate Joanne Clinton
$19,400 $4,000 $19,200
25 R,
1 W
9 R,
5 W
(including 1 DD)
19 R
(including 2 DDs),
3 W

Combined Coryat: $42,600

[game clues] [game scores] [suggest correction]

Game tape date: 2003-11-13
The J! Archive is created by fans, for fans. Scraping, republication, monetization, and malicious use prohibited; this site may use cookies and collect identifying information. See terms. The Jeopardy! game show and all elements thereof, including but not limited to copyright and trademark thereto, are the property of Jeopardy Productions, Inc. and are protected under law. This website is not affiliated with, sponsored by, or operated by Jeopardy Productions, Inc. Join the discussion at JBoard.tv.